000 00880cam a22002773a 4500
001 909
003 PGUSA
005 20140828082954.0
008 060205s2006||||xxu|||||s|||||000 | eng d
040 _aPGUSA
_beng
042 _adc
050 4 _aF396
100 1 _aFilson, John,
_d-1788
245 1 4 _aThe Adventures of Col. Daniel Boon :
_bContaining a Narrative of the Wars of Kentucke
_h[electronic resource] /
_cJohn Filson
260 _bProject Gutenberg,
_c2006
506 _aPublic domain in the USA.
516 _aElectronic text
653 _aPioneers -- Kentucky -- Biography
653 _aIndian captivities -- Kentucky
653 _aBoone, Daniel, 1734-1820
653 _aKentucky -- History -- To 1792
740 0 _aThe Adventures of Colonel Daniel Boon
830 0 _aProject Gutenberg
_v909
856 4 0 _uhttp://www.gutenberg.org/ebooks/909
942 _cEB
999 _c230260
_d230260